Reglamento de policía y conservación de carreteras
Descripción Física:
30 p. ; 15 cm
MARC
| LEADER | 00000nam a2200000Ia 4500 | ||
|---|---|---|---|
| 001 | 11929 | ||
| 008 | 160829s9999 xx 000 0 cat d | ||
| 080 | |a RF-4-7 | ||
| 100 | |a Espanya. Lleis, etc. |9 23269 | ||
| 245 | |a Reglamento de policía y conservación de carreteras | ||
| 260 | |a Gerona : |b (Imp. de M. Llach), [1909] | ||
| 300 | |a 30 p. ; |c 15 cm | ||
| 590 | |a Abans del títol: Obras Públicas. Província de Gerona | ||
| 650 | 0 | |a Carreteres |x Catalunya |x Manteniment i reparació |9 25741 | |
| 856 | 4 | |u https://media.diba.cat/diba/fitxers/arxiu/fulletons/bib_11929_1909_baixa.pdf |y Accés lliure | |
| 856 | 4 | |u https://media.diba.cat/diba/fitxers/arxiu/fulletons/bib_11929_1909_baixa.pdf |y Accés lliure | |
| 901 | |a Arxiu | ||
| 942 | |n 1 |2 udc | ||
| 952 | |0 0 |1 0 |4 0 |6 RF47 |7 1 |9 43772 |a Arxiu |b Arxiu |d 2016-12-01 |l 0 |o RF-4-7 |p 11929 |r 2016-12-01 00:00:00 |w 2016-12-01 |y ARXIU | ||
| 999 | |c 46320 |d 46320 | ||
| 900 | |a bib_11929_1909_baixa.pdf | ||